| 000 | 00887nam a2200241Ia 4500 | ||
|---|---|---|---|
| 003 | 0 | ||
| 005 | 20250129095646.0 | ||
| 008 | 190208s9999 xx 000 0 und d | ||
| 050 |
_aPGS BF448 _b.B517 2016 |
||
| 100 | _aBernal, Liam Ryley G. | ||
| 245 |
_aCritical thinking and decision making / _cLiam Ryley G. Bernal. |
||
| 260 |
_aLas Pinas City, Philippines : _bSouthville International School and Colleges, _c2016. |
||
| 300 |
_a19 p. : _bill. ; _c28 cm. |
||
| 504 | _aIncludes bibliographical references. | ||
| 650 | _aCritical thinking | ||
| 650 |
_aCritical thinking _vStudy and teaching. |
||
| 650 |
_aDecision making _vStudy and teaching. |
||
| 650 | _aCritical thinking and decision making. | ||
| 650 | _aCognitive processes in decision making. | ||
| 650 | _aCognitive aspects of critical thinking. | ||
| 650 |
_aThinking _vPsychological aspects. |
||
| 942 |
_2lcc _cPASS |
||
| 999 |
_c361279 _d361279 |
||